Central Library OPAC University of Rajshahi
Normal view MARC view

Entry Personal Name

Number of records used in: 1

001 - CONTROL NUMBER

  • control field: 6454

003 - CONTROL NUMBER IDENTIFIER

  • control field: BD-RjUL

005 - DATE AND TIME OF LATEST TRANSACTION

  • control field: 20221228113718.0

008 - FIXED-LENGTH DATA ELEMENTS

  • fixed length control field: 221228|| aca||aabn | a|a d

040 ## - CATALOGING SOURCE

  • Original cataloging agency: BD-RjUL
  • Transcribing agency: BD-RjUL

100 ## - HEADING--PERSONAL NAME

  • Personal name: মুজিবুর রহমান , শেখ,
  • Dates associated with a name: ১৯২০-১৯৭৫

670 ## - SOURCE DATA FOUND

  • Source citation: Work cat.: (BD-RjUL)81024: মণ্ডল, অনুপম হীরা 6453, বঙ্গবন্ধু ও রবীন্দ্রনাথ /, ২০২২